Administrative practices in concrete construction / (Record no. 542608)

000 -LEADER
fixed length control field 00788cam a2200193 i 4500
020 ## - INTERNATIONAL STANDARD BOOK NUMBER
International Standard Book Number 0471674338
082 00 - DEWEY DECIMAL CLASSIFICATION NUMBER
Classification number 343.73078
Author Mark ADM
-- N-01, P-101
110 2# - MAIN ENTRY--CORPORATE NAME
Corporate name or jurisdiction name as entry element Portland Cement Association.
9 (RLIN) 20051
245 10 - TITLE STATEMENT
Title Administrative practices in concrete construction /
Statement of responsibility, etc. Portland Cement Association ; [George R. White, project director].
260 ## - PUBLICATION, DISTRIBUTION, ETC.
Place of publication, distribution, etc. New York :
Name of publisher, distributor, etc. Wiley,
Date of publication, distribution, etc. [1975]
300 ## - PHYSICAL DESCRIPTION
Extent xii, 230 p. :
Other physical details ill. ;
Dimensions 23 cm.
500 ## - GENERAL NOTE
General note "Fourth in a series of five books that comprise the National concrete technology curriculum."
500 ## - GENERAL NOTE
General note Includes index.
526 ## - STUDY PROGRAM INFORMATION NOTE
Program name 0
Interest level 0
Reading level 0
Title point value 343_730780000000000_ADM
650 #0 - SUBJECT ADDED ENTRY--TOPICAL TERM
Topical term or geographic name entry element Concrete construction
Geographic subdivision United States.
9 (RLIN) 37846
650 #0 - SUBJECT ADDED ENTRY--TOPICAL TERM
Topical term or geographic name entry element Construction industry
General subdivision Law and legislation
Geographic subdivision United States.
9 (RLIN) 24626
650 #0 - SUBJECT ADDED ENTRY--TOPICAL TERM
Topical term or geographic name entry element MCE
9 (RLIN) 379
942 ## - ADDED ENTRY ELEMENTS (KOHA)
Source of classification or shelving scheme
Koha item type Book
Holdings
Withdrawn status Lost status Source of classification or shelving scheme Damaged status Not for loan Permanent Location Current Location Date acquired Total Checkouts Full call number Barcode Date last seen Price effective from Koha item type
          Military College of Engineering (MCE) Military College of Engineering (MCE) 02/04/2014   343.73078 ADM MCE-36730 02/04/2014 02/04/2014 Book
© 2023 Central Library, National University of Sciences and Technology. All Rights Reserved.